000 00849nam a22002537a 4500
003 DO-SdBNP
005 20240809131202.0
008 1511262010 mx || 00| 0 spa d
020 _a9687854324 (o.c)
040 _aBPMSU
_bspa
_cBPMSU
082 4 _a370.115
_bH673v 2010
_222
245 1 0 _aHistoria y valores /
_ccompiladora Olivia Trejo López ; ilustraciones Carmen Mayanin Rodríguez Orozco
260 _aMéxico :
_bLexus,
_c2010
300 _a400 p. :
_bil. ;
_c27 cm.
590 _aInventariado, 2024/VM
650 4 _aEducación en valores
650 4 _aValores (filosofìa )
_xAspectos morales
650 4 _aLibros y lectura para niños
700 1 _aRodríguez Orozco, Magdalena
_eilustraciones
700 1 _aTrejo López, Olivia
_ecompiladora
710 2 _aLexus
910 _aVMateo V. Contorl de calidad. BPMSU
942 _2ddc
_cBK
999 _c14721
_d14721